Complete human taxonomy - Statistics

General Stats
  • This quiz has been taken 61 times
    46 since last reset
  • The average score is 17 of 39
Answer Stats
Taxon % Correct
Homo
96%
Mammalia
89%
Animalia
85%
Homo sapiens
81%
Hominidae
78%
Primates
78%
Eukaryota
74%
Bilateria
70%
Vertebrata
63%
Chordata
59%
Deuterostomia
52%
Homininae
52%
Hominini
52%
Hominoidea
52%
Euarchontoglires
48%
Placentalia
48%
Tetrapoda
48%
Theria
48%
Sarcopterygii
44%
Amniota
41%
Euarchonta
41%
Haplorhini
41%
Osteichthyes
41%
Simiiformes
37%
Archaea
30%
Catarrhini
30%
Gnathostomata
30%
Primatomorpha
26%
Olfactores
22%
Opisthokonta
22%
Asgard
19%
Boreoeutheria
19%
Nephrozoa
15%
Holozoa
11%
Choanozoa
7%
Rhipidistia
7%
Amorphea
4%
Filozoa
4%
Obazoa
4%
No matching quizzes found
Score Distribution
Percent of People with Each Score
Percentile by Number Answered
Your Score History
You have not taken this quiz since the last reset